Catálogo público

Normal view MARC view

Entry Nombre personal

Number of records used in: 1

001 - NÚMERO DE CONTROL

  • campo de control: 187704

003 - IDENTIFICADOR DEL NÚMERO DE CONTROL

  • campo de control: CHAP

005 - FECHA Y HORA DE LA ÚLTIMA TRANSACCIÓN

  • campo de control: 20230830131549.0

008 - DATOS DE LONGITUD FIJA

  • campo de control de longitud fija: 230807|| aca||abbn | a|a d

040 ## - FUENTE DE LA CATALOGACIÓN

  • Centro catalogador/agencia de origen: Z

100 1# - ENCABEZAMIENTO-NOMBRE DE PERSONA

  • Nombre de persona: O'Shea, Mark

670 ## - FUENTE DE DATOS ENCONTRADOS

  • Cita de la fuente: O´Shea Mark y Halliday Tim. Reptiles y anfibios. 2001
  • Información encontrada: Portada